|
|
|
|
| LEADER |
00000cam a2200000 a 4500 |
| 001 |
vtls001450263 |
| 003 |
SK-MaSNL |
| 005 |
20260301073109.0 |
| 008 |
240226s2002 xo gr 000 0 cze |
| 015 |
|
|
|a SNBA2003/04-01068
|
| 020 |
|
|
|a 8088915732
|q (viazané)
|
| 035 |
|
|
|a SNK000405554
|
| 035 |
|
|
|a urn:nbn:sk:snk-am3j0sn
|
| 035 |
|
|
|a 51CB0F9B-F0F7-4EC4-9594-15789659FFC3
|
| 035 |
|
|
|a urn:nbn:sk:snk-am00gghs
|
| 040 |
|
|
|a SNK
|b slo
|c SNK
|e AACR2
|
| 041 |
1 |
|
|a cze
|h eng
|
| 044 |
|
|
|a xo
|c SK
|
| 072 |
|
7 |
|a 821.111(73)-3
|x Americká próza
|2 konspekt
|
| 080 |
|
|
|a 821.111 (73)-3
|2 1997
|
| 080 |
|
|
|a 821.111(73)-31
|2 2011
|
| 080 |
|
|
|a 82-311.4
|2 2011
|
| 080 |
|
|
|a (0:82-312.4)
|2 2011
|
| 100 |
1 |
|
|a Jacobs, Nancy Baker,
|d 1944-
|4 aut
|9 244525
|
| 240 |
1 |
0 |
|a Deadly companion
|l Česky
|
| 245 |
1 |
0 |
|a Vražedná společnice
|c Nancy Baker Jacobsová ; z anglického originálu Deadly companion ... přeložila Petra Klůfová
|
| 250 |
|
|
|a 1. vyd.
|
| 260 |
|
|
|a Bratislava
|b Aktuell
|c 2002
|
| 300 |
|
|
|a 231 strán
|c 20 cm
|
| 490 |
1 |
|
|a Brilant
|
| 500 |
|
|
|a Údaj o prekladateľovi prevzatý z rubu titulnej strany
|
| 655 |
|
7 |
|a americké romány
|2 SNKPH
|9 1174
|
| 655 |
|
7 |
|a spoločenské romány
|2 SNKPH
|9 70538
|
| 655 |
|
7 |
|a detektívne romány
|2 SNKPH
|9 70455
|
| 700 |
1 |
|
|a Klůfová, Petra,
|d 1957-
|4 trl
|9 246689
|
| 830 |
|
0 |
|a Brilant
|9 299899
|
| 919 |
|
|
|a 80-88915-73-2
|
| 958 |
|
|
|a UP
|
| 958 |
|
|
|a LX
|
| 958 |
|
|
|a TL
|
| 958 |
|
|
|a OND
|
| 999 |
|
|
|c 643121
|d 645051
|
| 952 |
|
|
|t P60, <03>, [BOOK], {603}
|a SNK
|b SNK
|y PREZ
|7 0
|p 17A0375882
|o snkSC 110930
|i snkKSP 3004/2003
|0 0
|1 0
|4 0
|d 2003-02-26
|f 1
|l 0
|r 2025-10-01 00:00:00
|w 2026-02-23
|
| 952 |
|
|
|t P60, <05>, [BOOK], {605}
|a SNK
|b SNK
|y PREZ
|7 0
|p 17A0375883
|o snkSC 110930 D1
|i snkKSP 3005/2003
|0 0
|1 0
|4 0
|d 2003-02-26
|l 0
|r 2005-01-02 00:00:00
|w 2026-02-23
|